00849 2200301 4500001002100000005001500021035002500036007000300061008004100064020002200105040001700127082001600144084001800160090002200178090002200200100002100222245003700243260003600280300003500316504003300351650004500384850001200429999002200441990002200463990002000485990002200505990002000527INLIS00000000003299120200522092000 a0010-011800000000136ta180123s2015 yoi gr ind d a978-602-280-539-7 aYOPDYOGbind04222a499.221 a499.221 AND p aDEP 499.221 AND p aCB-D.11 2015-26820 aAndayani,d1960-0 aProblema dan aksioma /cAndayani31aYogyakarta :bDeepublish,c2015 ax, 446 hlm. :bilus. ;c20 cm. aBibliografi: halaman 435-440 4aBahasa Indonesia--xStudi dan pengajaran aYOPDYOG aCB-D.11/2015-2682 aCB-D.11/2015-2682 a64302-PD/A.2019 aCB-D.11/2015-2682 a64302-PD/A.2019